[Event "Athens Stamatopoulos Memorial 2nd"]
[Site "Athens"]
[Date "2019.12.11"]
[Round "6"]
[White "Papadopoulos, Georgios Nikea"]
[Black "Karounis, Ioannis"]
[Result "1-0"]
[WhiteElo "2002"]
[BlackElo "1676"]
[PlyCount "59"]
[EventDate "2019.11.06"]
[EventType "swiss"]
[EventRounds "7"]
[EventCountry "GRE"]
[SourceTitle "EXT 2024"]
[Source "ChessBase"]
[SourceDate "2023.10.10"]
[SourceVersion "1"]
[SourceVersionDate "2023.10.10"]
[SourceQuality "1"]

1. e4 e5 2. Nf3 Nf6 3. d4 exd4 4. Nxd4 Nc6 5. Nc3 Bb4 6. Nxc6 bxc6 7. Bd3 d5 8. exd5 cxd5 9. 0-0 0-0 10. h3 h6 11. Qf3 c5 12. Bf4 Be6 13. Be5 c4 14. Bf5 Be7 15. Rad1 g6 16. Bxf6 Bxf6 17. Bxe6 fxe6 18. Qe3 Qb6 19. Qxh6 Qxb2 20. Qxg6+ Kh8 21. Qh6+ Kg8 22. Qg6+ Kh8 23. Nxd5 exd5 24. Rxd5 Bg7 25. Rh5+ Kg8 26. Qh7+ Kf7 27. Re1 Rh8 28. Rf5+ Qf6 29. Rxf6+ Kxf6 30. Qe4 1-0

[Event "Athens Stamatopoulos Memorial 2nd"]
[Site "Athens"]
[Date "2019.11.13"]
[Round "2"]
[White "Karounis, Ioannis"]
[Black "Delithanasis, Dimitrios"]
[Result "0-1"]
[WhiteElo "1671"]
[BlackElo "1938"]
[PlyCount "90"]
[EventDate "2019.11.06"]
[EventType "swiss"]
[EventRounds "7"]
[EventCountry "GRE"]
[SourceTitle "EXT 2024"]
[Source "ChessBase"]
[SourceDate "2023.10.10"]
[SourceVersion "1"]
[SourceVersionDate "2023.10.10"]
[SourceQuality "1"]

1. e4 e5 2. Nf3 Nc6 3. Bc4 Bc5 4. c3 Nf6 5. d4 exd4 6. cxd4 Bb4+ 7. Bd2 Nxe4 8. Bxb4 Nxb4 9. Bxf7+ Kxf7 10. Qb3+ Kf8 11. Qxb4+ Qe7 12. Qxe7+ Kxe7 13. Nc3 Nxc3 14. bxc3 d6 15. Rb1 b6 16. Kd2 Be6 17. Rhe1 Kd7 18. a3 Rhf8 19. Re3 Bd5 20. Rbe1 Rf7 21. R1e2 Bxf3 22. gxf3 d5 23. Re5 Kc6 24. Re7 Raf8 25. a4 Rxe7 26. Rxe7 Rxf3 27. Re2 Kd6 28. Kc2 c5 29. dxc5+ bxc5 30. Kb2 Rh3 31. f4 Rf3 32. Rg2 g6 33. Rg4 Rf2+ 34. Kb3 a5 35. h4 c4+ 36. Ka3 Rd2 37. Rg3 Rf2 38. h5 gxh5 39. Rh3 Rc2 40. f5 Ke7 41. f6+ Kf7 42. Rg3 h4 43. Rg7+ Ke6 44. Re7+ Kd6 45. f7 Rxc3+ 0-1

[Event "Aspropyrgos op-A 1st"]
[Site "Aspropyrgos"]
[Date "2019.09.21"]
[Round "8"]
[White "Karounis, Ioannis"]
[Black "Papaioannou, Dimitrios1111"]
[Result "0-1"]
[WhiteElo "1689"]
[BlackElo "1557"]
[PlyCount "134"]
[EventDate "2019.09.14"]
[EventType "swiss"]
[EventRounds "9"]
[EventCountry "GRE"]
[SourceTitle "CBM 195 Extra"]
[Source "ChessBase"]
[SourceDate "2020.05.31"]
[SourceVersion "1"]
[SourceVersionDate "2020.05.31"]
[SourceQuality "1"]

1. c4 Nf6 2. Nf3 g6 3. g3 Bg7 4. Bg2 c6 5. d4 d5 6. Nc3 0-0 7. 0-0 Ne4 8. cxd5 cxd5 9. Qc2 Nc6 10. Rd1 Bf5 11. Qb3 Na5 12. Qxd5 Nxc3 13. Qxd8 Nxe2+ 14. Kf1 Nxg3+ 15. hxg3 Rfxd8 16. Bg5 Kf8 17. Rac1 Rac8 18. d5 Bxb2 19. Rxc8 Bxc8 20. Bh6+ Bg7 21. Bf4 b6 22. Ng5 h6 23. Ne4 f5 24. Nd2 Bb7 25. Nb1 Nc4 26. Rc1 b5 27. Rd1 e5 28. Bc1 e4 29. Na3 Nxa3 30. Bxa3+ Kf7 31. d6 Ke6 32. g4 Be5 33. gxf5+ gxf5 34. Bh3 Rd7 35. Bc5 a5 36. a3 Bc3 37. f3 exf3 38. Rd3 Be5 39. Rb3 Bd5 40. Re3 Kf6 41. Kf2 Bxd6 42. Bd4+ Kg6 43. Bf1 b4 44. axb4 Bxb4 45. Re5 Be4 46. Re6+ Kf7 47. Bc4 Rxd4 48. Rxe4+ Kf6 49. Rxd4 Bc5 50. Kxf3 Bxd4 51. Bb5 h5 52. Kg3 Kg5 53. Kf3 h4 54. Bd7 Be5 55. Kg2 Kg4 56. Bb5 h3+ 57. Kh1 Kg3 58. Kg1 f4 59. Kh1 f3 60. Bd7 h2 61. Bg4 f2 62. Bh3 a4 63. Bf1 a3 64. Bc4 a2 65. Bf1 Bd6 66. Bh3 a1Q+ 67. Bf1 Qxf1# 0-1

[Event "Petroupoli ASOP Dias Seniors op"]
[Site "Petroupoli"]
[Date "2012.11.03"]
[Round "1.20"]
[White "Darviris, Panagiotis"]
[Black "Karounis, Ioannis"]
[Result "1-0"]
[WhiteElo "1451"]
[BlackElo "1005"]
[PlyCount "81"]
[EventDate "2012.11.03"]
[EventType "swiss"]
[EventRounds "7"]
[EventCountry "GRE"]
[SourceTitle "EXT 2024"]
[Source "ChessBase"]
[SourceDate "2023.10.10"]
[SourceVersion "1"]
[SourceVersionDate "2023.10.10"]
[SourceQuality "1"]

1. e4 Nc6 2. d4 d5 3. e5 Bf5 4. Bb5 Qd7 5. Ne2 e6 6. 0-0 0-0-0 7. a4 a6 8. Bxc6 Qxc6 9. Nbc3 f6 10. Ng3 Bg6 11. f4 Nh6 12. Bd2 Be7 13. a5 Be4 14. Ncxe4 dxe4 15. c3 f5 16. h3 Rhg8 17. Rb1 Bh4 18. Ne2 g5 19. g3 gxf4 20. Bxf4 Nf7 21. Kh2 Ng5 22. Ng1 e3 23. gxh4 Nxh3 24. Qf3 Qxf3 25. Rxf3 Nxg1 26. Rxg1 Rxg1 27. Kxg1 Rg8+ 28. Kf1 e2+ 29. Kxe2 Rg2+ 30. Rf2 Rxf2+ 31. Kxf2 h5 32. c4 Kd7 33. b4 c6 34. Ke3 Kc7 35. Bh6 Kd7 36. Kf4 Ke7 37. Kg5 Kf7 38. Kxh5 f4 39. Bxf4 Kg7 40. Kg5 Kh7 41. Kf6 1-0

[Event "Petroupoli op 4th"]
[Site "Petroupoli"]
[Date "2012.04.28"]
[Round "1"]
[White "Dallis, Ioannis"]
[Black "Karounis, Ioannis"]
[Result "1-0"]
[WhiteElo "1547"]
[BlackElo "1000"]
[PlyCount "39"]
[EventDate "2012.04.28"]
[EventType "swiss"]
[EventRounds "7"]
[EventCountry "GRE"]
[SourceTitle "CBM 148 Extra"]
[Source "ChessBase"]
[SourceDate "2012.06.22"]
[SourceVersion "1"]
[SourceVersionDate "2012.06.22"]
[SourceQuality "1"]

1. d4 e6 2. Nf3 c5 3. c3 f5 4. Bf4 Nc6 5. e3 g6 6. Be2 Bg7 7. Nbd2 b6 8. 0-0 Nge7 9. Bb5 Bb7 10. Qb3 d5 11. Ne5 a6 12. Be2 Nxe5 13. dxe5 Nc6 14. Nf3 Qc7 15. Rfd1 Bxe5 16. Nxe5 Nxe5 17. c4 0-0-0 18. Qc3 Qc6 19. Qxe5 dxc4 20. Qb8# 1-0